<?xml version="1.0" encoding="UTF-8"?>
<record
    xmlns:xsi="http://www.w3.org/2001/XMLSchema-instance"
    xsi:schemaLocation="http://www.loc.gov/MARC21/slim http://www.loc.gov/standards/marcxml/schema/MARC21slim.xsd"
    xmlns="http://www.loc.gov/MARC21/slim">

  <leader>01615nam a22002417a 4500</leader>
  <controlfield tag="003">DO-SdBNP</controlfield>
  <controlfield tag="005">20220126144202.0</controlfield>
  <controlfield tag="007">ta</controlfield>
  <controlfield tag="008">210716b  2018 dr a         00| 0 eng d</controlfield>
  <datafield tag="020" ind1=" " ind2=" ">
    <subfield code="a">9789945169058</subfield>
  </datafield>
  <datafield tag="040" ind1=" " ind2=" ">
    <subfield code="a">DO-SdBNP</subfield>
    <subfield code="b">spa</subfield>
    <subfield code="c">BNPHU</subfield>
  </datafield>
  <datafield tag="100" ind1="1" ind2=" ">
    <subfield code="a">Rodr&#xED;guez, Aur&#xED;n </subfield>
    <subfield code="9">76206</subfield>
  </datafield>
  <datafield tag="245" ind1="1" ind2="0">
    <subfield code="a">Administrando sabiamente nuestras finanzas /</subfield>
    <subfield code="c">Aur&#xED;n Rodr&#xED;guez ; pr&#xF3;logos Caonex Peguero, Adri&#xE1;n Guzm&#xE1;n.</subfield>
  </datafield>
  <datafield tag="260" ind1=" " ind2=" ">
    <subfield code="a">Santo Domingo : </subfield>
    <subfield code="b">Diez Veces Mas Group,</subfield>
    <subfield code="c">2018.</subfield>
  </datafield>
  <datafield tag="300" ind1=" " ind2=" ">
    <subfield code="a">142 p. :</subfield>
    <subfield code="b">il. ;</subfield>
    <subfield code="c">21 cm. </subfield>
  </datafield>
  <datafield tag="500" ind1=" " ind2=" ">
    <subfield code="a">Incluye datos biogr&#xE1;ficos de la autora  en la contracubierta.</subfield>
  </datafield>
  <datafield tag="505" ind1="0" ind2=" ">
    <subfield code="a">Palabras de la autora, 7.-- Agradecimientos, 9.-- Pr&#xF3;logo / Caonex Peguero, 11.-- Pr&#xF3;logo / Adri&#xE1;n Guzm&#xE1;n, 13.-- Introducci&#xF3;n, 15.-- Prosperador por obediencia, 21.-- Prosperados con prop&#xF3;sito, 25.-- Conceptos b&#xE1;sicos de mayordom&#xED;a financiera, 29.-- Cinco caracter&#xED;sticas de un buen mayordomo, 35.-- C&#xF3;mo los buenos mayordomos ponen los bienes a producir, 43.-- &#xBF;C&#xF3;mo iniciar mi presupuesto?, 53.-- &#xBF;Qu&#xE9; pasa con mi dinero?, 59.-- El ahorro, 67.-- Invierte los beneficios obtenidos de los ahorros, 79.-- Las deudas, 87.-- Nuestra actitud hacia los necesitados, 95.-- C&#xF3;mo ayudar a otros a prosperar en Dios, 103.-- La generosidad y el amor preparan el espacio para lo que esperas, 107.-- Cuando seas prosperado por Dios, 117.-- Finanzas en pareja, 123.-- &#xBF;Cu&#xE1;nto dinero puedo llegar a tener?, 139.</subfield>
  </datafield>
  <datafield tag="590" ind1=" " ind2=" ">
    <subfield code="a">Inventariado, 2021 /LP </subfield>
  </datafield>
  <datafield tag="700" ind1="1" ind2=" ">
    <subfield code="a">Peguero, Caonex, </subfield>
    <subfield code="e">pr&#xF3;logo</subfield>
    <subfield code="9">79258</subfield>
  </datafield>
  <datafield tag="700" ind1="1" ind2=" ">
    <subfield code="a">Guzm&#xE1;n, Adri&#xE1;n, </subfield>
    <subfield code="e">pr&#xF3;logo</subfield>
    <subfield code="9">79259</subfield>
  </datafield>
  <datafield tag="910" ind1=" " ind2=" ">
    <subfield code="a">Lop&#xE9;rez.</subfield>
  </datafield>
  <datafield tag="942" ind1=" " ind2=" ">
    <subfield code="2">ddc</subfield>
    <subfield code="c">LBS1</subfield>
  </datafield>
  <datafield tag="952" ind1=" " ind2=" ">
    <subfield code="0">0</subfield>
    <subfield code="1">0</subfield>
    <subfield code="2">ddc</subfield>
    <subfield code="7">1</subfield>
    <subfield code="8">PD</subfield>
    <subfield code="a">BNPHU</subfield>
    <subfield code="b">PD</subfield>
    <subfield code="c">HD</subfield>
    <subfield code="d">2021-07-16</subfield>
    <subfield code="e">Dep&#xF3;sito Legal </subfield>
    <subfield code="l">0</subfield>
    <subfield code="p">2021-25183</subfield>
    <subfield code="r">2021-07-16</subfield>
    <subfield code="w">2021-07-16</subfield>
    <subfield code="y">LFPD</subfield>
  </datafield>
  <datafield tag="952" ind1=" " ind2=" ">
    <subfield code="0">0</subfield>
    <subfield code="1">0</subfield>
    <subfield code="2">ddc</subfield>
    <subfield code="7">1</subfield>
    <subfield code="8">MO</subfield>
    <subfield code="a">BNPHU</subfield>
    <subfield code="b">PD</subfield>
    <subfield code="c">HD</subfield>
    <subfield code="d">2021-07-16</subfield>
    <subfield code="e">Dep&#xF3;sito Legal </subfield>
    <subfield code="l">0</subfield>
    <subfield code="p">2021-25184</subfield>
    <subfield code="r">2021-07-16</subfield>
    <subfield code="t">e.2</subfield>
    <subfield code="w">2021-07-16</subfield>
    <subfield code="y">LFPD</subfield>
  </datafield>
  <datafield tag="952" ind1=" " ind2=" ">
    <subfield code="0">0</subfield>
    <subfield code="1">0</subfield>
    <subfield code="2">ddc</subfield>
    <subfield code="7">1</subfield>
    <subfield code="8">MO</subfield>
    <subfield code="a">BNPHU</subfield>
    <subfield code="b">DO</subfield>
    <subfield code="c">HD</subfield>
    <subfield code="d">2021-07-16</subfield>
    <subfield code="e">Dep&#xF3;sito Legal </subfield>
    <subfield code="l">0</subfield>
    <subfield code="p">2021-25185</subfield>
    <subfield code="r">2021-07-16</subfield>
    <subfield code="t">e.3</subfield>
    <subfield code="w">2021-07-16</subfield>
    <subfield code="y">LFDS</subfield>
  </datafield>
  <datafield tag="952" ind1=" " ind2=" ">
    <subfield code="0">0</subfield>
    <subfield code="1">0</subfield>
    <subfield code="2">ddc</subfield>
    <subfield code="7">5</subfield>
    <subfield code="8">MO</subfield>
    <subfield code="a">BNPHU</subfield>
    <subfield code="b">DO</subfield>
    <subfield code="c">CT</subfield>
    <subfield code="d">2022-01-26</subfield>
    <subfield code="e">Dep&#xF3;sito Legal</subfield>
    <subfield code="l">0</subfield>
    <subfield code="p">2022-0279</subfield>
    <subfield code="r">2022-01-26</subfield>
    <subfield code="t">e.4</subfield>
    <subfield code="w">2022-01-26</subfield>
    <subfield code="y">LBS1</subfield>
  </datafield>
  <datafield tag="952" ind1=" " ind2=" ">
    <subfield code="0">0</subfield>
    <subfield code="1">0</subfield>
    <subfield code="2">ddc</subfield>
    <subfield code="7">5</subfield>
    <subfield code="8">MO</subfield>
    <subfield code="a">BNPHU</subfield>
    <subfield code="b">DO</subfield>
    <subfield code="c">CT</subfield>
    <subfield code="d">2022-01-26</subfield>
    <subfield code="e">Dep&#xF3;sito Legal</subfield>
    <subfield code="l">0</subfield>
    <subfield code="p">2022-0280</subfield>
    <subfield code="r">2022-01-26</subfield>
    <subfield code="t">e.5</subfield>
    <subfield code="w">2022-01-26</subfield>
    <subfield code="y">LBS1</subfield>
  </datafield>
  <datafield tag="999" ind1=" " ind2=" ">
    <subfield code="c">50125</subfield>
    <subfield code="d">50125</subfield>
  </datafield>
</record>
